000
00296 a2200145 4500
001
179663
020
_a
040
_c
Magnum
100
_a
Prado, Lucilia de Almeida
240
1
0
_a
De sol a sol
_l
por
245
1
0
_a
De sol a sol
362
0
_a
1899
697
_a
MAGNITO: IJ/GERAL
942
_c
BK
999
_c
179663
_d
179663